[Event "Bad Woerishofen 2017 - Senioren"]
[Site "Bad Woerishofen"]
[Date "2017.03.15"]
[Round "5.53"]
[White "Narr, Irmgard"]
[Black "Weber, Gerhard"]
[Result "0-1"]
[WhiteElo "1694"]
[BlackElo "1773"]
[Annotator "chessorg"]
[PlyCount "108"]
[EventDate "2017.??.??"]
[WhiteTeam "SC Muehlh.-R.Nuernberg"]
[BlackTeam "SC Bayer Leverkusen e.V."]

1. e4 e5 2. Nf3 Nc6 3. Bc4 Nf6 4. d3 Be7 5. Be3 d5 6. exd5 Nxd5 7. Bxd5 Qxd5 8.
Nc3 Qd8 9. Ne4 O-O 10. O-O h6 11. Ng3 f5 12. Bd2 Qd5 13. Bc3 Be6 14. Re1 Bd6
15. a3 Rae8 16. Nd2 Bc8 17. Nc4 Qf7 18. Nxd6 cxd6 19. h3 Qg6 20. b4 f4 21. Qh5
Rf6 22. Qxg6 Rxg6 23. Ne4 Bxh3 24. Kh2 Bxg2 25. Rg1 Bxe4 26. dxe4 Ree6 27. f3
Rxg1 28. Rxg1 Kf7 29. Rg2 b5 30. Be1 Rg6 31. Rf2 Ke6 32. c3 Nd8 33. Rd2 Rf6 34.
Bf2 Rf7 35. Rd5 a6 36. Bb6 Nc6 37. Kh3 Rb7 38. Bf2 Rd7 39. Rd3 Ne7 40. Bb6 d5
41. exd5+ Rxd5 42. Rxd5 Nxd5 43. Bf2 Nxc3 44. Kg4 g6 45. Be1 Nb1 46. Bf2 Nxa3
47. Bc5 Nc4 48. Bf8 h5+ 49. Kh3 a5 50. bxa5 Nxa5 51. Bb4 Nc6 52. Bc3 b4 53. Bb2
b3 54. Kg2 Nb4 0-1

[Event "Bad Woerishofen 2017 - Senioren"]
[Site "Bad Woerishofen"]
[Date "2017.03.15"]
[Round "5.54"]
[White "Richter, Stefan"]
[Black "Rothenhagen, Siegfried"]
[Result "0-1"]
[WhiteElo "1671"]
[BlackElo "1770"]
[PlyCount "124"]
[EventDate "2017.??.??"]
[WhiteTeam "Elstertal langenberg"]
[BlackTeam "SF Windach"]

1. e4 d5 2. exd5 Qxd5 3. Nc3 Qd8 4. Nf3 Bg4 5. Be2 Nf6 6. d3 e6 7. a3 Be7 8. h3
Bxf3 9. Bxf3 c6 10. O-O Nbd7 11. Re1 O-O 12. Be3 Nb6 13. Qe2 Nbd5 14. Nxd5 Nxd5
15. Bd2 Bg5 16. Bxd5 Bxd2 17. Qxd2 Qxd5 18. Qc3 Rad8 19. Re3 Qd4 20. Qb3 Rd7
21. Rae1 Rfd8 22. c3 Qc5 23. Qc2 Qf5 24. Rd1 c5 25. Qe2 Rd5 26. g4 Qg5 27. Kh2
Qf4+ 28. Kg2 Qd6 29. f3 Qc6 30. Rd2 c4 31. d4 Rb5 32. Re4 Rb3 33. Kg3 Rd5 34.
Re5 Qc7 35. Kg2 Rbb5 36. Re4 Rb3 37. f4 g6 38. Rd1 Rdb5 39. Rd2 Qc6 40. d5 Rxd5
41. Rxd5 Qxd5 42. Kf2 Rxb2 43. Qxb2 Qxe4 44. Qd2 Kg7 45. h4 Qc6 46. Qd4+ f6 47.
g5 Qb6 48. gxf6+ Kf7 49. Qxb6 axb6 50. Ke3 Kxf6 51. Ke4 h6 52. a4 h5 53. Ke3 e5
54. Ke4 exf4 55. Kxf4 Ke6 56. Kg5 Kf7 57. Kf4 Kf6 58. Ke4 g5 59. hxg5+ Kxg5 60.
Kf3 h4 61. Kf2 Kf4 62. Kg2 Ke3 0-1

[Event "Bad Woerishofen 2017 - Senioren"]
[Site "Bad Woerishofen"]
[Date "2017.03.15"]
[Round "5.55"]
[White "Weyand, Fernand"]
[Black "Wraga, Teresa"]
[Result "1-0"]
[WhiteElo "1747"]
[BlackElo "1667"]
[PlyCount "99"]
[EventDate "2017.??.??"]
[WhiteTeam "SVG Saarbruecken 1970 e.V."]
[BlackTeam "SG Osnabrueck"]

1. e4 d6 2. d4 Nf6 3. Nc3 g6 4. f4 Bg7 5. e5 dxe5 6. fxe5 Nd5 7. Bc4 c6 8. Nf3
O-O 9. O-O Nxc3 10. bxc3 Nd7 11. Be3 b5 12. Bb3 Nb6 13. Qe2 Nd5 14. Bd2 a5 15.
a4 bxa4 16. Bxa4 Qc7 17. Rf2 Ba6 18. Qe4 Bc4 19. Ng5 e6 20. Qh4 h6 21. Ne4 Qe7
22. Qh3 g5 23. Bxc6 Rac8 24. Bxd5 Bxd5 25. Nf6+ Bxf6 26. Rxf6 Be4 27. Qxh6 Ra8
28. Bxg5 Qc7 29. Bd2 Bxc2 30. Qg5+ Bg6 31. h4 Kh8 32. h5 Bh7 33. Qg3 Rg8 34.
Qf3 Bf5 35. Kh2 a4 36. Rh6+ Bh7 37. Bg5 Rxg5 38. Qxa8+ Kg7 39. Rf6 Bf5 40. Qf3
Qc4 41. h6+ Kf8 42. Qa8+ Ke7 43. Qa7+ Kd8 44. Qb8+ Qc8 45. Qd6+ Ke8 46. Rxa4
Be4 47. Ra2 Qxc3 48. Qb8+ Kd7 49. Ra7+ Kc6 50. Qb7# 1-0

[Event "Bad Woerishofen 2017 - Senioren"]
[Site "Bad Woerishofen"]
[Date "2017.03.14"]
[Round "5.56"]
[White "Hartlaub, Marianne"]
[Black "Collins, Alan"]
[Result "1-0"]
[WhiteElo "1555"]
[BlackElo "1717"]
[Annotator "chessorg"]
[PlyCount "77"]
[EventDate "2017.??.??"]
[WhiteTeam "SK 1982 Klingenberg e.V."]
[BlackTeam "Cowley"]

1. Nf3 d6 2. c4 e5 3. g3 f5 4. d3 Be7 5. Bg2 Nf6 6. O-O O-O 7. b3 c6 8. Bb2 Na6
9. a3 Nc7 10. Nbd2 Ne6 11. e3 f4 12. exf4 exf4 13. Ne4 Nxe4 14. dxe4 fxg3 15.
fxg3 Qb6+ 16. Kh1 Bd7 17. e5 Qc7 18. b4 Rad8 19. Qe2 Bc8 20. Rad1 dxe5 21. Bxe5
Bd6 22. Rxd6 Rxd6 23. c5 Rf5 24. Bxd6 Qf7 25. Bh3 Nd4 26. Nxd4 Rxf1+ 27. Bxf1
Bg4 28. Qg2 h6 29. h3 Bh5 30. Kh2 Bg6 31. Nf3 Be4 32. Be2 Qb3 33. Qf1 Qxa3 34.
Bc4+ Kh7 35. Nd2 Qb2 36. Qe2 Bg6 37. Bd3 Qxb4 38. Bxg6+ Kxg6 39. Qe4+ 1-0

[Event "Bad Woerishofen 2017 - Senioren"]
[Site "Bad Woerishofen"]
[Date "2017.03.15"]
[Round "5.57"]
[White "Eigenmann, Christina"]
[Black "Schulz, Franz"]
[Result "1-0"]
[WhiteElo "1738"]
[BlackElo "1629"]
[Annotator "chessorg"]
[PlyCount "75"]
[EventDate "2017.??.??"]
[BlackTeam "SV Ebersbach"]

1. d4 Nf6 2. c4 e6 3. Nc3 d5 4. Bg5 Be7 5. e3 O-O 6. Nf3 b6 7. cxd5 exd5 8. Bd3
Ba6 9. O-O Bxd3 10. Qxd3 Nbd7 11. Rac1 h6 12. Bf4 Rc8 13. Nb5 c5 14. b3 Ne4 15.
Rfd1 Ndf6 16. dxc5 Nxc5 17. Qf5 a6 18. Nbd4 Qd7 19. Ne5 Qb7 20. Ng4 Nxg4 21.
Qxg4 Kh7 22. Nf5 g6 23. Bxh6 Rg8 24. Nxe7 Qxe7 25. Qh3 Qe6 26. g4 Rh8 27. Bf4+
Kg8 28. Qf3 Re8 29. Rxd5 Ne4 30. Rcd1 Nc3 31. Re5 Nxd1 32. Rxe6 Rxe6 33. Qxd1
Kh7 34. Qd7 Rf8 35. Bd6 Rfe8 36. Qxf7+ Kh8 37. Bb4 Re4 38. Bc3+ 1-0

[Event "Bad Woerishofen 2017 - Senioren"]
[Site "Bad Woerishofen"]
[Date "2017.03.15"]
[Round "5.58"]
[White "Hardt, Dieter"]
[Black "Grandl, Klaus"]
[Result "0-1"]
[WhiteElo "1733"]
[BlackElo "1576"]
[Annotator "chessorg"]
[PlyCount "64"]
[EventDate "2017.??.??"]
[WhiteTeam "SG Konstanz"]
[BlackTeam "Sportfr.Windach e.V.1923"]

1. d4 e6 2. Nf3 Nf6 3. e3 d5 4. Bd3 Nbd7 5. Nbd2 c5 6. b3 a6 7. Bb2 b6 8. Ne5
Nxe5 9. dxe5 Nd7 10. Qg4 g6 11. f4 Bg7 12. h4 h5 13. Qg3 Nf8 14. Be2 Rg8 15.
O-O-O Qc7 16. Kb1 a5 17. Bb5+ Bd7 18. c4 a4 19. e4 d4 20. bxa4 Bxb5 21. axb5
Nd7 22. Rh3 Bh6 23. Qf2 Ke7 24. Ra3 Rxa3 25. Bxa3 Ra8 26. Kb2 Qa7 27. Nb1 Qa4
28. Qc2 Qxc2+ 29. Kxc2 Bxf4 30. Rf1 Be3 31. Rd1 Nxe5 32. Rxd4 Rxa3 0-1

[Event "Bad Woerishofen 2017 - Senioren"]
[Site "Bad Woerishofen"]
[Date "2017.03.14"]
[Round "5.59"]
[White "Thonig, Manfred"]
[Black "Birkestrand, Odd"]
[Result "0-1"]
[WhiteElo "1544"]
[BlackElo "1726"]
[Annotator "chessorg"]
[PlyCount "46"]
[EventDate "2017.??.??"]
[WhiteTeam "SK Großweil"]
[BlackTeam "Norges Sjakkforbund"]

1. f4 Nf6 2. Nf3 g6 3. e3 Bg7 4. Be2 c5 5. d3 O-O 6. O-O d6 7. Nc3 Nc6 8. a3 b6
9. Rb1 Re8 10. b3 Rb8 11. Bb2 Ng4 12. Qd2 e5 13. h3 Nh6 14. Nd5 exf4 15. Bxg7
Kxg7 16. Qc3+ f6 17. Ng5 Nf5 18. Ne4 Nxe3 19. Nxe3 Nd4 20. Rbe1 fxe3 21. Rxf6
Rxe4 22. dxe4 Qxf6 23. Qxe3 Nxc2 0-1

[Event "Bad Woerishofen 2017 - Senioren"]
[Site "Bad Woerishofen"]
[Date "2017.03.15"]
[Round "5.60"]
[White "Erdmann, Wolfgang"]
[Black "Walther, Renate"]
[Result "1-0"]
[WhiteElo "1725"]
[BlackElo "1196"]
[Annotator "chessorg"]
[PlyCount "105"]
[EventDate "2017.??.??"]
[WhiteTeam "SC Roter Turm Altstadt"]
[BlackTeam "SK 1911 Herzogenaurach"]

1. d4 c5 2. c3 Nf6 3. Nf3 e6 4. e3 Nc6 5. Bd3 d5 6. Nbd2 c4 7. Bc2 Be7 8. Qe2
O-O 9. O-O h6 10. e4 b5 11. e5 Nh7 12. h3 f6 13. Kh1 f5 14. Rg1 Bg5 15. Nxg5
Nxg5 16. Nf3 Ne4 17. g3 Ne7 18. h4 Kh8 19. Nh2 Ng8 20. f3 Nef6 21. exf6 Rxf6
22. Bf4 h5 23. Be5 Rg6 24. Rg2 Nf6 25. Rag1 Kg8 26. Qf2 Rh6 27. Bf4 Rh7 28. Bg5
Qf8 29. g4 Bd7 30. Qe3 g6 31. Qe5 Rf7 32. Bxf6 Rxf6 33. gxh5 Be8 34. hxg6 Qg7
35. h5 Qe7 36. Qf4 Qg7 37. h6 Qh8 38. Qh4 Bxg6 39. Rxg6+ Kf7 40. Rxf6+ Qxf6 41.
Qxf6+ Kxf6 42. Rg3 Rh8 43. Rh3 Kg5 44. Kg2 Kf4 45. Kf2 a5 46. h7 b4 47. Ba4
bxc3 48. bxc3 e5 49. dxe5 Kxe5 50. Ke3 f4+ 51. Kd2 d4 52. Ng4+ Kd5 53. Rh5+ 1-0

[Event "Bad Woerishofen 2017 - Senioren"]
[Site "Bad Woerishofen"]
[Date "2017.03.15"]
[Round "5.61"]
[White "Oser, Thor"]
[Black "Kirchhof, Manfred"]
[Result "1/2-1/2"]
[WhiteElo "1708"]
[BlackElo "1530"]
[Annotator "chessorg"]
[PlyCount "35"]
[EventDate "2017.??.??"]
[WhiteTeam "SK 1929 Joehlingen"]
[BlackTeam "SC Unterhaching e.V."]

1. e4 c5 2. g3 d6 3. Bg2 Nf6 4. d3 Nbd7 5. Ne2 Qc7 6. O-O g6 7. h3 Bg7 8. c3
Rb8 9. Nd2 O-O 10. f4 e6 11. Nf3 h5 12. Nh2 b6 13. g4 hxg4 14. hxg4 Bb7 15. Ng3
Nh7 16. f5 d5 17. Bf4 e5 18. Bd2 1/2-1/2

[Event "Bad Woerishofen 2017 - Senioren"]
[Site "Bad Woerishofen"]
[Date "2017.03.15"]
[Round "5.62"]
[White "Koch, Dieter"]
[Black "Huba, Mark"]
[Result "1/2-1/2"]
[WhiteElo "1725"]
[BlackElo "1590"]
[Annotator "chessorg"]
[PlyCount "94"]
[EventDate "2017.??.??"]
[WhiteTeam "SC Ammersee"]
[BlackTeam "Kings Head"]

1. d4 Nf6 2. e3 d5 3. Bd3 Bg4 4. Nf3 Nbd7 5. Nbd2 e6 6. c3 Be7 7. Qc2 Bxf3 8.
Nxf3 c5 9. Bb5 a6 10. Bd3 c4 11. Be2 O-O 12. Ng5 h6 13. Nf3 Ne4 14. Nd2 f5 15.
f3 Nd6 16. g3 Bg5 17. Nf1 Be7 18. Bd2 b5 19. a3 Nb8 20. Rg1 Nd7 21. g4 Bh4+ 22.
Kd1 Be7 23. f4 a5 24. Ng3 Qb6 25. g5 hxg5 26. fxg5 b4 27. e4 fxe4 28. Bg4 Nf5
29. Nxe4 dxe4 30. Qxe4 bxc3 31. bxc3 Qd6 32. Bf4 Qd5 33. Qe2 Nxd4 34. cxd4
Qxd4+ 35. Kc2 Qd3+ 36. Qxd3 cxd3+ 37. Kd2 Nc5 38. Be3 Nb3+ 39. Kc3 Nxa1 40.
Bxe6+ Kh8 41. Rxa1 Ra6 42. Bc4 Rc6 43. Rg1 Rfc8 44. Rg4 Rxc4+ 45. Rxc4 Rxc4+
46. Kxc4 Bxa3 47. Kxd3 g6 1/2-1/2

[Event "Bad Woerishofen 2017 - Senioren"]
[Site "Bad Woerishofen"]
[Date "2017.03.15"]
[Round "5.63"]
[White "Braeu, Emmi"]
[Black "Norman, Dinah"]
[Result "0-1"]
[WhiteElo "1558"]
[BlackElo "1697"]
[PlyCount "90"]
[EventDate "2017.??.??"]
[WhiteTeam "SK Marktoberdorf"]

1. Nf3 d5 2. c4 e6 3. d4 Nf6 4. Nc3 c6 5. cxd5 exd5 6. Bf4 Bf5 7. e3 h6 8. Bd3
Bxd3 9. Qxd3 Be7 10. O-O O-O 11. h3 Nbd7 12. Rac1 Re8 13. a3 a5 14. Na4 Ne4 15.
Rc2 Nb6 16. Nc5 Nxc5 17. dxc5 Nd7 18. Bd6 Bxd6 19. cxd6 Ne5 20. Nxe5 Rxe5 21.
Qb3 Qd7 22. Qb6 Ra6 23. Qc7 Qxc7 24. dxc7 Ra8 25. b4 axb4 26. axb4 Re7 27. b5
Rxc7 28. Rfc1 Rac8 29. b6 Re7 30. Rd2 Ra8 31. Rb2 Kf8 32. g3 Ke8 33. Kg2 Kd7
34. Kf3 Kd6 35. g4 Ra6 36. h4 Re4 37. Rb3 Raa4 38. g5 Rxh4 39. gxh6 Rxh6 40.
Rcc3 Rf6+ 41. Ke2 Ra2+ 42. Kd3 Rfxf2 43. Rc1 c5 44. Rbb1 Ra3+ 45. Rc3 c4+ 0-1

[Event "Bad Woerishofen 2017 - Senioren"]
[Site "Bad Woerishofen"]
[Date "2017.03.15"]
[Round "5.64"]
[White "Gepting, Konrad"]
[Black "Schwenke, Norbert"]
[Result "1-0"]
[WhiteElo "1606"]
[BlackElo "1627"]
[Annotator "chessorg"]
[PlyCount "97"]
[EventDate "2017.??.??"]
[WhiteTeam "SK Marktoberdorf"]

1. d4 Nf6 2. Bg5 e6 3. e3 d5 4. a3 Bd6 5. Nc3 a6 6. Bd3 Nbd7 7. Nge2 h6 8. Bh4
g5 9. Bg3 e5 10. e4 dxe4 11. Nxe4 Nxe4 12. Bxe4 Qf6 13. c3 h5 14. h3 h4 15. Bh2
Rh6 16. f3 Qg7 17. b4 Nb6 18. Bd3 Nd5 19. O-O Be6 20. Qd2 f5 21. c4 Ne7 22. c5
f4 23. cxd6 cxd6 24. Bc2 b5 25. Rad1 Nd5 26. Rfe1 Ne3 27. Rc1 Bc4 28. Bd3 Rd8
29. Kh1 Qa7 30. Bxc4 Nxc4 31. Qc3 Qe7 32. Rc2 Re6 33. d5 Rf6 34. Nd4 Qb7 35.
Nc6 Rd7 36. Bg1 Kf7 37. Qd3 Kg7 38. Rce2 Qc7 39. Re4 Rf5 40. Rc1 Nb2 41. Qb3
Na4 42. Rc2 Rdf7 43. Nxe5 dxe5 44. Rxc7 Rxc7 45. d6 Rc3 46. Qe6 Rf6 47. Qxe5
Rd3 48. Rd4 Rxa3 49. d7 1-0

[Event "Bad Woerishofen 2017 - Senioren"]
[Site "Bad Woerishofen"]
[Date "2017.03.15"]
[Round "6.1"]
[White "Berry, Stephen"]
[Black "Pribyl, Josef"]
[Result "1/2-1/2"]
[WhiteElo "2272"]
[BlackElo "2263"]
[Annotator "chessorg"]
[PlyCount "39"]
[EventDate "2017.??.??"]
[WhiteTeam "Wimbledon"]
[BlackTeam "SC 1868 Bamberg"]

1. c4 Nf6 2. Nc3 e5 3. Nf3 Nc6 4. e3 g6 5. d4 d6 6. Be2 Bg7 7. dxe5 Nxe5 8.
Nxe5 dxe5 9. Qxd8+ Kxd8 10. b3 c6 11. Ba3 Bf8 12. Rd1+ Ke8 13. Bb2 Be7 14. O-O
Be6 15. Nb1 Nd7 16. Nd2 Kd8 17. Ne4 Kc7 18. f4 f6 19. fxe5 fxe5 20. h3 1/2-1/2

[Event "Bad Woerishofen 2017 - Senioren"]
[Site "Bad Woerishofen"]
[Date "2017.03.15"]
[Round "6.3"]
[White "Daeubler, Heinrich"]
[Black "Kierzek, Matthias"]
[Result "0-1"]
[WhiteElo "2161"]
[BlackElo "2245"]
[Annotator "chessorg"]
[PlyCount "72"]
[EventDate "2017.??.??"]
[WhiteTeam "SC Haselmuehl"]
[BlackTeam "SC Fulda"]

1. d4 d5 2. c4 c6 3. Nc3 Nf6 4. Nf3 e6 5. g3 dxc4 6. Bg2 b5 7. O-O Bb7 8. e4
Be7 9. e5 Nd5 10. a4 a6 11. Ne4 h6 12. Bd2 Nd7 13. b3 cxb3 14. Qxb3 O-O 15.
Rfc1 Qb6 16. Rab1 Rfc8 17. Nd6 Bxd6 18. exd6 c5 19. Ne5 Qxd6 20. Nxd7 Qxd7 21.
dxc5 Bc6 22. axb5 axb5 23. h4 Ra4 24. Ra1 Rca8 25. Rxa4 bxa4 26. Qa2 Rb8 27.
Ra1 Qb7 28. Bxd5 Bxd5 29. Qxa4 Bh1 30. c6 Bxc6 31. Qa6 Qd7 32. Qc4 Ba8 33. Qf4
Qb7 34. f3 Rd8 35. Ba5 Rd3 36. Qe4 Qa7+ 0-1

[Event "Bad Woerishofen 2017 - Senioren"]
[Site "Bad Woerishofen"]
[Date "2017.03.15"]
[Round "6.4"]
[White "Kelchner, Hans"]
[Black "Okrajek, Alexander"]
[Result "1/2-1/2"]
[WhiteElo "2152"]
[BlackElo "2213"]
[Annotator "chessorg"]
[PlyCount "27"]
[EventDate "2017.??.??"]
[BlackTeam "SC 1919 Siegburg e.V."]

1. Nf3 d5 2. d4 c5 3. Nc3 Nc6 4. dxc5 d4 5. Na4 e5 6. c3 Nf6 7. b4 dxc3 8.
Qxd8+ Kxd8 9. a3 Ne4 10. Ng5 Nd4 11. Nxe4 Nc2+ 12. Kd1 Nxa1 13. Naxc3 f6 14.
Bb2 1/2-1/2

[Event "Bad Woerishofen 2017 - Senioren"]
[Site "Bad Woerishofen"]
[Date "2017.03.15"]
[Round "6.5"]
[White "Baum, Bernd"]
[Black "Zunker, Reinhard"]
[Result "1-0"]
[WhiteElo "2223"]
[BlackElo "2121"]
[Annotator "chessorg"]
[PlyCount "93"]
[EventDate "2017.??.??"]
[WhiteTeam "SC Fulda"]
[BlackTeam "SV 1920 Hofheim"]

1. Nf3 Nf6 2. g3 g6 3. d4 Bg7 4. Bg2 O-O 5. O-O d5 6. c4 dxc4 7. Na3 c6 8. Nxc4
Na6 9. b3 Nb4 10. Bb2 Bf5 11. Nfd2 Qc8 12. a3 Na6 13. e4 Bh3 14. Rc1 Bxg2 15.
Kxg2 Nc7 16. Qe2 Ng4 17. f3 Nh6 18. b4 Qe6 19. Nb3 b6 20. Qc2 f5 21. Rfe1 fxe4
22. Qxe4 Qd5 23. Ncd2 Rf6 24. Qxe7 Rf7 25. Qe4 Rf6 26. Qe7 Rf7 27. Qe4 Rf6 28.
Qxd5+ Nxd5 29. Ne4 Re6 30. Ng5 Rxe1 31. Rxe1 Nf5 32. f4 Bf6 33. Nf3 Kf7 34.
Ne5+ Bxe5 35. dxe5 Ke6 36. Kf3 h5 37. h3 Rf8 38. Rc1 Nde7 39. g4 hxg4+ 40. hxg4
Nh4+ 41. Kg3 g5 42. f5+ Nhxf5+ 43. gxf5+ Nxf5+ 44. Kg4 Ne3+ 45. Kxg5 Rg8+ 46.
Kf4 Ng2+ 47. Ke4 1-0

[Event "Bad Woerishofen 2017 - Senioren"]
[Site "Bad Woerishofen"]
[Date "2017.03.15"]
[Round "6.6"]
[White "Gundersen, Helge"]
[Black "Waltenberger, Udo"]
[Result "1-0"]
[WhiteElo "2134"]
[BlackElo "2055"]
[Annotator "chessorg"]
[PlyCount "89"]
[EventDate "2017.??.??"]
[BlackTeam "SV Eiche Reichenbrand"]

1. e4 c5 2. Nc3 Nc6 3. f4 g6 4. Nf3 Bg7 5. Bb5 Nd4 6. O-O Nxb5 7. Nxb5 d5 8. e5
a6 9. Nc3 e6 10. d4 cxd4 11. Qxd4 Ne7 12. Be3 Nf5 13. Qb6 Bd7 14. Rfd1 O-O 15.
Qxd8 Rfxd8 16. Bf2 Rac8 17. Rd2 Rc4 18. Ne2 Rdc8 19. c3 Bh6 20. g3 Re4 21. Ned4
b5 22. Nxf5 gxf5 23. Bd4 b4 24. cxb4 Rc4 25. a3 Ba4 26. Kf2 Bf8 27. Rb1 Bb3 28.
Bc3 Be7 29. Rc1 f6 30. Nd4 fxe5 31. fxe5 Bg5 32. Nxb3 Be3+ 33. Kf3 d4 34. Rcd1
Bxd2 35. Bxd2 Rc2 36. Bf4 Ree2 37. Nxd4 Rf2+ 38. Ke3 Rxb2 39. Rc1 Rxh2 40. Rc6
Rh1 41. Rxe6 Rc1 42. Kd3 Rc8 43. Rxa6 Rb1 44. Nxf5 Rd1+ 45. Ke2 1-0

[Event "Bad Woerishofen 2017 - Senioren"]
[Site "Bad Woerishofen"]
[Date "2017.03.15"]
[Round "6.7"]
[White "Norman, Kenneth"]
[Black "Kroencke, Manfred"]
[Result "0-1"]
[WhiteElo "2136"]
[BlackElo "2076"]
[Annotator "chessorg"]
[PlyCount "88"]
[EventDate "2017.??.??"]
[BlackTeam "SG Glueckstadt von 1920 e. V."]

1. Nf3 d5 2. g3 Nf6 3. Bg2 e6 4. O-O Be7 5. d4 O-O 6. c4 Nbd7 7. Qc2 c6 8. b3
b6 9. Rd1 Bb7 10. Nc3 Rc8 11. e4 Ba6 12. Ne5 h6 13. Bb2 Qc7 14. Rac1 Bb4 15.
Nxd7 Qxd7 16. e5 Nh7 17. Ne2 f5 18. exf6 Nxf6 19. Nf4 Bd6 20. Nd3 Qf7 21. Re1
Rce8 22. Ne5 Bxe5 23. Rxe5 Ng4 24. Re2 Qd7 25. f3 Nf6 26. Rce1 Nh7 27. h4 Rf6
28. Re3 g5 29. hxg5 hxg5 30. Bh3 Qf7 31. Kg2 Bc8 32. Ba3 Qd7 33. Bb2 Qf7 34.
cxd5 cxd5 35. Bg4 Rh6 36. Re5 Kg7 37. Bc1 Rh8 38. Rh1 Rxh1 39. Kxh1 Bd7 40. Kg2
Rc8 41. Qd1 Qg6 42. Bf5 exf5 43. Re7+ Kg8 44. Rxd7 Qc6 0-1

[Event "Bad Woerishofen 2017 - Senioren"]
[Site "Bad Woerishofen"]
[Date "2017.03.15"]
[Round "6.8"]
[White "Weinwurm, Wolfgang"]
[Black "Loew, Peter"]
[Result "0-1"]
[WhiteElo "2133"]
[BlackElo "2051"]
[Annotator "chessorg"]
[PlyCount "104"]
[EventDate "2017.??.??"]
[WhiteTeam "Ternitz"]
[BlackTeam "SC Waldkraiburg"]

1. e4 e6 2. d4 d5 3. Nc3 Nc6 4. Nf3 Nf6 5. e5 Ne4 6. Ne2 f6 7. Ng3 Be7 8. exf6
Bxf6 9. Bd3 Nd6 10. c3 Qe7 11. O-O g6 12. Re1 Bd7 13. b4 a6 14. Bh6 Nf7 15. Bf4
Rc8 16. a4 O-O 17. Qd2 Rfe8 18. h3 Qf8 19. Bc2 Qg7 20. Re2 b6 21. Bd3 Nb8 22.
Ne5 Bxe5 23. Bxe5 Nxe5 24. Rxe5 c5 25. bxc5 bxc5 26. a5 Nc6 27. Bxa6 Nxe5 28.
Bxc8 Nc4 29. Bxd7 Nxd2 30. Bxe8 cxd4 31. a6 Qa7 32. cxd4 Nb3 33. Ra2 Nxd4 34.
Kf1 Kf8 35. Bd7 Ke7 36. Bc8 Nb5 37. Ne2 Kd6 38. Rc2 Na3 39. Nc3 Qd4 40. Rc1 Qd2
41. Ne2 Nb5 42. Ra1 d4 43. Ng3 Qb2 44. Re1 e5 45. Bb7 Nc3 46. f3 d3 47. Ne4+
Nxe4 48. fxe4 Kc5 49. Bd5 Qa3 50. Bb7 Kd4 51. Kf2 Qa2+ 52. Kf3 Qf7+ 0-1

[Event "Bad Woerishofen 2017 - Senioren"]
[Site "Bad Woerishofen"]
[Date "2017.03.15"]
[Round "6.9"]
[White "Nordby, Bernt"]
[Black "Weenink, Henk"]
[Result "1/2-1/2"]
[WhiteElo "2015"]
[BlackElo "2132"]
[Annotator "chessorg"]
[PlyCount "67"]
[EventDate "2017.??.??"]
[WhiteTeam "Fredrikstad SS"]
[BlackTeam "SC Soest 1922"]

1. d4 d5 2. Nf3 Nf6 3. c4 c6 4. e3 Bf5 5. cxd5 Nxd5 6. Nc3 e6 7. Bc4 Nd7 8. Qb3
N7b6 9. e4 Nxc4 10. exf5 Ncb6 11. fxe6 fxe6 12. O-O Qd6 13. Ne4 Qb4 14. Qd3 Qc4
15. Qxc4 Nxc4 16. b3 Nd6 17. Neg5 O-O-O 18. Nxe6 Re8 19. Nxf8 Rhxf8 20. Ba3 Rf6
21. Bxd6 Rxd6 22. Rfe1 Rde6 23. Rxe6 Rxe6 24. Kf1 Rf6 25. Re1 Rf8 26. Ne5 Rf4
27. Nf3 Rf8 28. a3 h6 29. b4 Kd8 30. Rb1 a6 31. Rb3 Kc7 32. g3 Kd6 33. Kg2 Nb6
34. Ne5 1/2-1/2

[Event "Bad Woerishofen 2017 - Senioren"]
[Site "Bad Woerishofen"]
[Date "2017.03.15"]
[Round "6.11"]
[White "Neese, Hans-Joachim"]
[Black "Glatthor, Thomas"]
[Result "1/2-1/2"]
[WhiteElo "2106"]
[BlackElo "2032"]
[Annotator "chessorg"]
[PlyCount "20"]
[EventDate "2017.??.??"]
[BlackTeam "SG Hermsdorf"]

1. d4 d6 2. Nf3 g6 3. c4 Bg7 4. Nc3 c6 5. Bf4 Nf6 6. e3 O-O 7. h3 Nbd7 8. Be2
Re8 9. O-O Qc7 10. Rc1 e5 1/2-1/2

[Event "Bad Woerishofen 2017 - Senioren"]
[Site "Bad Woerishofen"]
[Date "2017.03.15"]
[Round "6.12"]
[White "Bohnstorff, Michael"]
[Black "Maes, Valery"]
[Result "1/2-1/2"]
[WhiteElo "2042"]
[BlackElo "2097"]
[Annotator "chessorg"]
[PlyCount "33"]
[EventDate "2017.??.??"]
[WhiteTeam "SC Turm Lueneburg e.V."]
[BlackTeam "Krefelder SK Turm 1851 e.V."]

1. d4 Nf6 2. c3 d5 3. Bf4 c6 4. e3 Bf5 5. Nf3 e6 6. Nbd2 h6 7. Qb3 Qc8 8. c4
Nbd7 9. h3 Be7 10. Bd3 Bxd3 11. Qxd3 Qd8 12. c5 a5 13. O-O O-O 14. Rfc1 b6 15.
cxb6 Qxb6 16. Rab1 Rfc8 17. Ne5 1/2-1/2

[Event "Bad Woerishofen 2017 - Senioren"]
[Site "Bad Woerishofen"]
[Date "2017.03.15"]
[Round "6.13"]
[White "Rueberg, Jobst"]
[Black "Harsch, Martin"]
[Result "1/2-1/2"]
[WhiteElo "2091"]
[BlackElo "2014"]
[Annotator "chessorg"]
[PlyCount "38"]
[EventDate "2017.??.??"]
[WhiteTeam "SV Ahlen 1954 e.V."]
[BlackTeam "Saanenland"]

1. e4 c6 2. d4 d5 3. exd5 cxd5 4. c4 Nf6 5. Nc3 Nc6 6. Nf3 Bg4 7. Be3 e6 8. Be2
dxc4 9. Bxc4 Be7 10. O-O O-O 11. h3 Bh5 12. Be2 Nd5 13. Qb3 Na5 14. Qa4 a6 15.
Nxd5 exd5 16. Rac1 b5 17. Qc2 Rc8 18. Qxc8 Qxc8 19. Rxc8 Rxc8 1/2-1/2

[Event "Bad Woerishofen 2017 - Senioren"]
[Site "Bad Woerishofen"]
[Date "2017.03.15"]
[Round "6.14"]
[White "Lange, Manfred"]
[Black "Speicher, Franz"]
[Result "1/2-1/2"]
[WhiteElo "2081"]
[BlackElo "1886"]
[Annotator "chessorg"]
[PlyCount "45"]
[EventDate "2017.??.??"]
[WhiteTeam "SV Würzburg von 1865 e.V."]
[BlackTeam "Dicker Turm Esslingen"]

1. e4 c6 2. d4 d5 3. e5 c5 4. c3 Nc6 5. Nf3 Bg4 6. Be2 e6 7. O-O Bxf3 8. Bxf3
cxd4 9. cxd4 Qb6 10. Be3 Nh6 11. g4 Be7 12. Qd2 O-O 13. Nc3 Rac8 14. Rad1 Na5
15. Be2 Nc4 16. Bxc4 Rxc4 17. b3 Rc6 18. Na4 Qb5 19. Bxh6 gxh6 20. Qxh6 b6 21.
Rc1 Rfc8 22. Rxc6 Rxc6 23. Rc1 1/2-1/2

[Event "Bad Woerishofen 2017 - Senioren"]
[Site "Bad Woerishofen"]
[Date "2017.03.15"]
[Round "6.15"]
[White "Kierzek, Mira"]
[Black "Hunold, Rolf"]
[Result "1-0"]
[WhiteElo "1974"]
[BlackElo "2081"]
[Annotator "chessorg"]
[PlyCount "131"]
[EventDate "2017.??.??"]
[WhiteTeam "SC Fulda"]
[BlackTeam "Schachverein Letmathe 1933 e.V."]

1. d4 Nf6 2. c4 g6 3. Nc3 Bg7 4. e4 d6 5. f3 O-O 6. Be3 e5 7. Nge2 Nc6 8. d5
Ne7 9. Qd2 Ne8 10. g3 f5 11. Bg2 Nf6 12. h3 Rf7 13. Bg5 Bd7 14. Be3 Qc8 15. g4
a6 16. Bf2 Qf8 17. Nc1 Qc8 18. Nd3 b6 19. Be3 a5 20. a4 Be8 21. Nb5 Nd7 22. Bf2
Nc5 23. Nxc5 bxc5 24. Be3 Kh8 25. Qe2 Ng8 26. O-O-O Qd8 27. Qd2 Qc8 28. Kb1 Nf6
29. Qc2 f4 30. Bd2 Nd7 31. Ka2 Nb6 32. b3 Bxb5 33. cxb5 Qb8 34. Bc3 Bf6 35. h4
c4 36. g5 Bg7 37. Bh3 Kg8 38. Be6 Kf8 39. Bxf7 Kxf7 40. h5 cxb3+ 41. Qxb3 Nd7
42. Qc4 Nc5 43. hxg6+ hxg6 44. Rh7 Qf8 45. Rdh1 Qe7 46. Rg1 Kg8 47. Rh2 Ra7 48.
Be1 Ra8 49. Rc2 Rc8 50. Ka3 Bf8 51. Bf2 Qh7 52. Bxc5 dxc5 53. d6+ Qf7 54. dxc7
Rxc7 55. Rd1 Kg7 56. Qxf7+ Kxf7 57. Kb3 Be7 58. Rd5 Ke6 59. Kc4 Rc8 60. Rh2 Rg8
61. Rh7 Bxg5 62. Rxc5 Be7 63. Rc6+ Bd6 64. b6 Rb8 65. Kb5 Ra8 66. b7 1-0